Statistics for Random Places on the World Map Quiz

Click here to take the quiz!

General Stats

  • This quiz has been taken 126 times
  • The average score is 13 of 15

Answers on the Map

Answers color-coded by a green-red scale on the quiz's map according to % correct below.
 

Answer Stats

Place% Correct
Alaska
100%
Argentina
100%
Armenia
100%
Bangladesh
100%
Bosnia and
Herzegovina
100%
Bulgaria
100%
Cameroon
100%
Central African Republic
100%
Chad
100%
Cyprus
100%
Czech Republic
100%
Democratic Republic
of the Congo
100%
Denmark
100%
Egypt
100%
Federated States of
Micronesia
100%
Greenland
100%
Guinea-Bissau
100%
Iceland
100%
Idaho
100%
Iran
100%
Kazakhstan
100%
Liberia
100%
Luxembourg
100%
Maldives
100%
Mexico
100%
Nepal
100%
Nevada
100%
Nigeria
100%
Northern Territory
100%
Northwest Territories
100%
Nova Scotia
100%
Oklahoma
100%
Philippines
100%
Portugal
100%
Puerto Rico
100%
Republic of the Congo
100%
Rhode Island
100%
Saudi Arabia
100%
Serbia
100%
Seychelles
100%
Solomon Islands
100%
Spain
100%
Syria
100%
Tanzania
100%
Tennessee
100%
Tonga
100%
Tunisia
100%
Utah
100%
Victoria
100%
Vietnam
100%
Virginia
100%
Wyoming
100%
Belize
50%
Afghanistan
0%
Alabama
0%
Albania
0%
Alberta
0%
Algeria
0%
Andorra
0%
Angola
0%
Arizona
0%
Arkansas
0%
Australian Capital Territory
0%
Austria
0%
Azerbaijan
0%
Bahrain
0%
Belarus
0%
Belgium
0%
Benin
0%
Bhutan
0%
Bolivia
0%
Botswana
0%
Brazil
0%
British Columbia
0%
Brunei
0%
Burkina Faso
0%
Burundi
0%
California
0%
Cambodia
0%
Cape Verde
0%
Chile
0%
China
0%
Colombia
0%
Colorado
0%
Comoros
0%
Connecticut
0%
Costa Rica
0%
Croatia
0%
Cuba
0%
Delaware
0%
Djibouti
0%
Dominican Republic
0%
East Timor
0%
Ecuador
0%
El Salvador
0%
England
0%
Equatorial Guinea
0%
Eritrea
0%
Estonia
0%
Eswatini
0%
Ethiopia
0%
Fiji
0%
Finland
0%
Florida
0%
France
0%
French Guiana
0%
Gabon
0%
Gambia
0%
Georgia
0%
Georgia
0%
Germany
0%
Ghana
0%
Greece
0%
Grenada
0%
Guatemala
0%
Guinea
0%
Guyana
0%
Haiti
0%
Hawaii
0%
Honduras
0%
Hungary
0%
Illinois
0%
India
0%
Indiana
0%
Indonesia
0%
Iowa
0%
Iraq
0%
Ireland
0%
Israel
0%
Italy
0%
Ivory Coast
0%
Japan
0%
Jordan
0%
Kansas
0%
Kashmir
0%
Kentucky
0%
Kenya
0%
Kiribati
0%
Kosovo
0%
Kuwait
0%
Kyrgyzstan
0%
Laos
0%
Latvia
0%
Lebanon
0%
Lesotho
0%
Libya
0%
Lithuania
0%
Louisiana
0%
Madagascar
0%
Maine
0%
Malawi
0%
Malaysia
0%
Mali
0%
Malta
0%
Manitoba
0%
Marshall Islands
0%
Maryland
0%
Massachusetts
0%
Mauritania
0%
Mauritius
0%
Michigan
0%
Minnesota
0%
Mississippi
0%
Missouri
0%
Moldova
0%
Mongolia
0%
Montana
0%
Montenegro
0%
Morocco
0%
Mozambique
0%
Myanmar
0%
Namibia
0%
Nauru
0%
Nebraska
0%
Netherlands
0%
New Brunswick
0%
Newfoundland and Labrador
0%
New Hampshire
0%
New Jersey
0%
New Mexico
0%
New South Wales
0%
New York
0%
New Zealand
0%
Nicaragua
0%
Niger
0%
North Carolina
0%
North Dakota
0%
Northern Ireland
0%
North Korea
0%
North Macedonia
0%
Norway
0%
Nunavut
0%
Ohio
0%
Oman
0%
Ontario
0%
Oregon
0%
Pakistan
0%
Palau
0%
Palestine
0%
Panama
0%
Papua New Guinea
0%
Paraguay
0%
Pennsylvania
0%
Peru
0%
Poland
0%
Prince Edward Island
0%
Qatar
0%
Quebec
0%
Queensland
0%
Romania
0%
Russia
0%
Rwanda
0%
Samoa
0%
São Tomé and Príncipe
0%
Saskatchewan
0%
Scotland
0%
Senegal
0%
Sierra Leone
0%
Slovakia
0%
Slovenia
0%
Somalia
0%
South Africa
0%
South Australia
0%
South Carolina
0%
South Dakota
0%
South Korea
0%
South Sudan
0%
Sri Lanka
0%
Sudan
0%
Suriname
0%
Sweden
0%
Switzerland
0%
Taiwan
0%
Tajikistan
0%
Tasmania
0%
Texas
0%
Thailand
0%
Togo
0%
Turkey
0%
Turkmenistan
0%
Tuvalu
0%
Uganda
0%
Ukraine
0%
United Arab Emirates
0%
Uruguay
0%
Uzbekistan
0%
Vanuatu
0%
Venezuela
0%
Vermont
0%
Wales
0%
Washington
0%
Western Australia
0%
West Virginia
0%
Wisconsin
0%
Yemen
0%
Yukon
0%
Zambia
0%
Zimbabwe
0%

Score Distribution

Percentile by Number Answered

Percent of People with Each Score

Your Score History

You have not taken this quiz